3 personnages, 1 film - Statistiques

Statistiques générales
  • Ce quiz a été pris 81 fois
  • Le résultat moyen est 6 sur 29
Statistiques - réponses
Indice Réponse % Correct
Katniss / Peeta / Lucy Hunger Games
79%
Harley Quinn / Joker / El Diablo Suicide Squad
61%
MJ / May / Ned Spider Man No Way Home
53%
Peter Quill / Gamora / Groot Les Gardiens De La Galaxie
47%
Newt / Thomas / Minho The Maze Runner
42%
Mystique / Yuriko / Diablo X-Men
36%
Tony Star / Thor / Ant-Man Avengers Endgame
31%
Letty / Brian / Dom The Fast and The Furious
31%
Natasha / Yelena / Alexei Black Widow
29%
Raquel / Ares / Yoshi A Travers Ma Fenêtre
28%
Jake / Neytiri / Kiri Avatar
26%
Noah / Nick / Rafaella A Contre Sens
22%
Driss / Philippe / Magalie Intouchables
17%
Sidney / Billy / Tatum Scream
17%
Eddie / Shriek / Carnage Venom 2
17%
Pete / Iceman / Charlie Top Gun
15%
Diana / Steve / Cheetah Wonder Woman
14%
Barry / Owen / Maisie Jurassic World: Le Monde D'après
13%
Ziggy / Sarah Fier / Samantha Fear Street
8%
Ethan / Claire / Luther Mission Impossible
8%
Juanita / Tori / Tris Divergente 3: Au-Delà Du Mur
7%
Victor / Chloe / Nathan Uncharted
7%
L'ours / Oscar / Harry Armageddon
4%
Takashi / Neela / Morimoto Fast and Furious Tokyo Drift
4%
Anika / Sam / Gale Scream VI
3%
Eli / Allison / Hikari Teen Wolf: Le Film
3%
Sam / Sonia / Alex Babysitting 1
1%
Howard / Joan / Livia The Punisher
1%
Gerry / Karen / Segen World War Z
1%
Aucun quiz correspondant
Distribution des résultats
% des personnes avec chaque résultat
Percentile par nombre de réponses
Votre historique - résultats
Vous n’avez pas pris ce quiz